Statistics for Largest Population Centers in Canada

Click here to take the quiz!

General Stats

  • This quiz has been taken 25 times
  • The average score is 20 of 34

Answer Stats

RankPopulationProvinceCity% Correct
41,305,550AlbertaCalgary
100%
51,151,635AlbertaEdmonton
100%
23,675,219QuebecMontreal
100%
61,068,821Ontario / QuebecOttawa–Gatineau
100%
8733,156QuebecQuebec City
100%
15,647,656OntarioToronto
100%
32,426,160British ColumbiaVancouver
100%
13348,634Nova ScotiaHalifax
91%
16264,637SaskatchewanSaskatoon
91%
7758,515ManitobaWinnipeg
91%
9729,560OntarioHamilton
87%
18224,996SaskatchewanRegina
87%
19185,565Newfoundland and LabradorSt. John's
87%
11423,369OntarioLondon
83%
12363,222British ColumbiaVictoria
83%
10522,888OntarioKitchener
74%
15306,519OntarioWindsor
61%
20181,380British ColumbiaKelowna
48%
17242,460OntarioSt. Catharines – Niagara Falls
48%
23144,356OntarioGuelph
43%
27127,943OntarioKingston
43%
26128,057QuebecTrois-Rivières
39%
29119,785New BrunswickMoncton
35%
25132,300British ColumbiaAbbotsford
30%
21154,676OntarioBarrie
30%
31106,079British ColumbiaNanaimo
30%
14335,949OntarioOshawa
30%
22151,157QuebecSherbrooke
26%
32104,413OntarioBrantford
17%
33103,934QuebecChicoutimi – Jonquière
4%
24137,118OntarioKanata
4%
28124,579OntarioMilton
4%
34100,859QuebecSaint-Jérôme
4%
30109,167British ColumbiaWhite Rock
0%

Score Distribution

Percentile by Number Answered

Percent of People with Each Score

Your Score History

You have not taken this quiz